[Event "Quart de Poblet op 6th"]
[Site "Quart de Poblet"]
[Date "2018.08.31"]
[Round "6"]
[White "Capdevila Brown, Raudys Rafael"]
[Black "Mancebo Ibanez, Fernando"]
[Result "0-1"]
[WhiteElo "1868"]
[BlackElo "2106"]
[PlyCount "62"]
[EventDate "2018.08.27"]
[EventType "swiss"]
[EventRounds "9"]
[EventCountry "ESP"]
[SourceTitle "EXT 2024"]
[Source "ChessBase"]
[SourceDate "2023.10.10"]
[SourceVersion "1"]
[SourceVersionDate "2023.10.10"]
[SourceQuality "1"]

1. e4 c6 2. d4 d5 3. e5 Bf5 4. Nc3 e6 5. Nge2 Ne7 6. Be3 Bg6 7. h4 h5 8. Nf4 Nd7 9. Nxg6 Nxg6 10. Bg5 Qb6 11. Qd2 c5 12. 0-0-0 cxd4 13. Nxd5 exd5 14. e6 fxe6 15. Bd3 e5 16. Bf5 Ne7 17. Bxd7+ Kxd7 18. Rh3 Rc8 19. Rb3 Qc6 20. Kb1 Kc7 21. Rc1 Kb8 22. Qe2 e4 23. g4 Ng6 24. f4 d3 25. Qh2 dxc2+ 26. Ka1 d4 27. gxh5 Rxh5 28. Qe2 Rxg5 29. fxg5 d3 30. Qd2 Qd6 31. Ra3 Qf4 0-1

[Event "Valencia Region-ch Primera"]
[Site "Valencia"]
[Date "2016.11.12"]
[Round "6"]
[White "Pedrero Gil, Francisco"]
[Black "Capdevila Brown, Raudys Rafael"]
[Result "0-1"]
[WhiteElo "1779"]
[BlackElo "1963"]
[PlyCount "78"]
[EventDate "2016.10.01"]
[EventType "swiss"]
[EventRounds "7"]
[EventCountry "ESP"]
[SourceTitle "EXT 2024"]
[Source "ChessBase"]
[SourceDate "2023.10.10"]
[SourceVersion "1"]
[SourceVersionDate "2023.10.10"]
[SourceQuality "1"]

1. d4 Nf6 2. c4 g6 3. Nc3 d5 4. Nf3 Bg7 5. cxd5 Nxd5 6. e4 Nxc3 7. bxc3 c5 8. Be3 0-0 9. Be2 Nc6 10. 0-0 cxd4 11. cxd4 Bg4 12. e5 Qd7 13. h3 Bf5 14. Rc1 Rac8 15. Bd3 Bxd3 16. Qxd3 Nxe5 17. Nxe5 Bxe5 18. Qa3 Bd6 19. Qb3 Rxc1 20. Rxc1 Rc8 21. Rc4 Rxc4 22. Qxc4 Qc7 23. Qxc7 Bxc7 24. a4 Kg7 25. Kf1 Kf6 26. Ke2 Ke6 27. Kd3 Kd5 28. f4 f5 29. Bd2 Bb6 30. Bc3 a6 31. g4 h6 32. gxf5 gxf5 33. a5 Bc7 34. Bd2 e6 35. h4 h5 36. Ke3 b6 37. axb6 Bxb6 38. Bc3 Kc4 39. Ba1 Bd8 0-1

[Event "Mislata op-C 45th"]
[Site "Mislata"]
[Date "2011.08.21"]
[Round "9"]
[White "Navarro Gomez, Gabriel"]
[Black "Capdevila Brown, Raudys Rafael"]
[Result "1-0"]
[WhiteElo "1790"]
[BlackElo "1870"]
[PlyCount "109"]
[EventDate "2011.08.15"]
[EventType "swiss"]
[EventRounds "9"]
[EventCountry "ESP"]
[SourceTitle "EXT 2014"]
[Source "ChessBase"]
[SourceDate "2013.11.20"]
[SourceVersion "1"]
[SourceVersionDate "2013.11.20"]
[SourceQuality "1"]

1. d4 Nf6 2. Nf3 g6 3. Bf4 d5 4. e3 Bg7 5. Nbd2 0-0 6. Bd3 c5 7. dxc5 Qa5 8. 0-0 Nc6 9. Nb3 Qd8 10. c3 Re8 11. Nbd4 Nd7 12. Nxc6 bxc6 13. e4 e5 14. Be3 f5 15. exd5 cxd5 16. Bb5 Nf6 17. Bxe8 Qxe8 18. Re1 Bb7 19. Bg5 e4 20. Bxf6 Bxf6 21. Nd4 Qe5 22. Qd2 f4 23. c6 Ba6 24. Nf3 Qf5 25. Nd4 Qe5 26. b4 Bc4 27. b5 Be7 28. Rad1 Bd6 29. Nf3 Qh5 30. Rxe4 dxe4 31. Qxd6 exf3 32. c7 Qg4 33. g3 Be6 34. Qd8+ Rxd8 35. cxd8Q+ Kf7 36. Qc7+ Kf6 37. Qxf4+ Qxf4 38. gxf4 Bxa2 39. Ra1 Bc4 40. Rb1 Ke6 41. b6 axb6 42. Rxb6+ Kd5 43. h4 Ke4 44. Rb4 Kd3 45. Kh2 Kxc3 46. Rb7 h5 47. Kg3 Bd5 48. Re7 Kd4 49. f5 gxf5 50. Kf4 Be4 51. Rd7+ Kc5 52. Kg5 Bc6 53. Rc7 Kd6 54. Rxc6+ Kxc6 55. Kxf5 1-0